000 00348nam a2200133Ia 4500
008 151001s9999||||xx |||||||||||||| ||und||
100 _a कुश्नचंदर
245 _aनिंद क्यो नाही आती
250 _a1
260 _bहिंद एजन्सी
260 _c1970
300 _a152
365 _b16
999 _c961342
_d961339